LEADER 01267nam a2200241 i 4500 001 000000088159 003 CaOOAMICUS 005 20150127000000.0 008 150127s1960 xx u000 u und u 013 $a60399 040 $aSeMil$bita 245 10$aAntiche prerogative della chiesa battesimale e prevosti della Valsassina :$bdalle memorie inedite dei prevosti Carlo Crippa e Giuseppe Agudio e da altri documenti /$ca cura di Egidio Meroni. 260 $aLecco :$bTipografia Editrice Giuseppe Magni,$cimprim. 1960. 300 $a[20] p. :$bill. ;$c24 cm. 500 $aSul front.: Archivio storico plebano. - Fondo card. Giovanni Colombo. 650 4$aValsassina - Storia religiosa.$0(OLS)http://semarc/subject/9776 700 1 $aMeroni, Egidio.$0(OLS)http://semarc/name/24063 850 $aSeMil 852 $aSeMil$W1$xVenegono$y1$m3GC VIII 212/13$j51518$B51518$CSeMilBibl$Z2$F55758 $8B 941 1 $a3 961 $aLascito: Colombo Card. Giovanni 996 $6245$aAntiche prerogative della chiesa battesimale e prevosti della Valsassina :$bdalle memorie inedite dei prevosti Carlo Crippa e Giuseppe Agudio e da altri documenti$9(OLS)http://semarc/title/134142 996 $6260$aLecco :$bTipografia Editrice Giuseppe Magni$9(OLS)http://semarc/publisher/43517 LEADER 01069nam a2200241 i 4500 001 000000092203 003 CaOOAMICUS 005 20250619093931.0 008 030802s1951 xx u000 u und u 013 $a64445 040 $aSeMil$bita 100 1 $aLeflon, Jean.$0(OLS)http://semarc/name/40463 245 10$aHistoire de l'Eglise depuis les origines jusqu'a nos jours. 20. La cri se rèvolutionnaire (1789-1846) 260 $aParis :$bBloud & Gay,$c1951. 300 $a524 p. 650 4$aChiesa - Storia - Sec. 18.-19.$0(OLS)http://semarc/subject/4940 700 1 $aMartin, Victor,$d<1886-1945>.$0(OLS)http://semarc/name/149 700 1 $aJarry, Eugène,$d<1900-1974>.$0(OLS)http://semarc/name/3500 850 $aSeMil 852 $aSeMil$W1$xVenegono$y1$m600 144 20 *$j55109$B55109$CSeMilBibl$Z2$F59804 $81 996 $6245$aHistoire de l'Eglise depuis les origines jusqu'a nos jours. 20. La cri se rèvolutionnaire (1789-1846)$9(OLS)http://semarc/title/138361 996 $6260$aParis :$bBloud & Gay$9(OLS)http://semarc/publisher/31180